Statistiques concernant Les Emile célèbres

Cliquez ici pour prendre le quiz!

Statistiques générales

  • Ce quiz a été pris 109 fois
  • Le résultat moyen est 4 sur 16

Statistiques - réponses

Indice 1Indice 2Nom% Correct
écrivain (1840-1902)les Rougon-MacquartZola
93%
écrivainalias Romain GaryAjar
63%
coureur de fonds tchèqueprénommé Emil (1922-2000)Zatopek
46%
homme politique (1838-1929)président de la RépubliqueLoubet
41%
psychologue et pharmacien (1857-1926)auteur d’une méthode de guérison et de développement personnel fondée sur l’autosuggestionCoué
38%
sociologue (1858-1917)l'un des fondateurs de la sociologie moderneDurkheim
21%
skieur (1912-2012)triple champion du monde en 1937Allais
17%
médecin (1801-1881)dictionnaireLittré
16%
poète belge (1855-1916)les Flamandes - les moines - les soirsVerhaeren
11%
gangster (1902-1956)arrêté par Roger BornicheBuisson
9%
écrivain (1832-1873)père du roman policierGaboriau
4%
philosophe (1868-1951)connu sous le nom de "Alain"Chartier
3%
dessinateur (1871-1953)albums de BécassinePinchon
2%
boxeur américain (1938-2013)champion du monde des poids welters en 1961Griffith
1%
professeur de sciences (1844-1918)père du théâtre optiqueReynaud
1%
chanteur (1949)Emile et Images - et avant GoldWandelmer
0%

Distribution des résultats

Percentile par nombre de réponses

% des personnes avec chaque résultat

Votre développement - résultats

Vous n’avez pas pris ce quiz